Movies Quiz

Random Movies or Clickable Quiz

It'd Have Been a Shorter Movie If... The Sequel Quiz Stats

 Plays Quiz Updated Mar 25, 2018

Score 0/25 Timer 05:00
4 Plays Today
% Correct
The Little Mermaid
95.4%
Jurassic World
95%
Wizard of Oz
94.4%
Robocop
92.2%
Iron Man
92.1%
E.T. the Extra-Terrestrial
91.5%
The Godfather II
91%
Bill and Ted's Excellent Adventure
88.9%
Aliens
88.4%
Halloween
86.8%
Animal House
86.6%
Kill Bill: Vol. 1
85.1%
Short Circuit
83.3%
% Correct
First Blood
82.9%
Jingle All the Way
81.6%
The Sandlot
81.4%
A Christmas Story
80.5%
The Evil Dead
80%
Ben-Hur
79.6%
Reservoir Dogs
78.4%
The Hunt for Red October
77.8%
Witness
73.7%
Gremlins
70.3%
Get Shorty
61.6%
A Bronx Tale
46%

You're not logged in!

Compare scores with friends on all Sporcle quizzes.
OR
Log In

Show Comments

Extras

Top Quizzes Today


Score Distribution

Your Account Isn't Verified!

In order to create a playlist on Sporcle, you need to verify the email address you used during registration. Go to your Sporcle Settings to finish the process.

Report this User

Report this user for behavior that violates our Community Guidelines.

Details: